Running world record holders 100m to Marathon - Statistics

General Stats
  • This quiz has been taken 45 times
  • The average score is 5 of 9
Answer Stats
Hint Answer % Correct
100M Usain Bolt
98%
200M Usain Bolt
98%
Marathon Eliud Kipchoge
77%
800M David Rudisha
60%
400M Wayde Van Niekerk
51%
10000M Joshua Cheptegei
44%
5000M Joshua Cheptegei
42%
1500M Hicham El Guerrouj
35%
Half Marathon Kibiwott Kandie
16%
No matching quizzes found
Score Distribution
Percent of People with Each Score
Percentile by Number Answered
Your Score History
You have not taken this quiz